| 000 | 00788nam a22002777a 4500 | ||
|---|---|---|---|
| 001 | BR0003691 | ||
| 003 | BR-BrBNA | ||
| 005 | 20230928100743.0 | ||
| 007 | ta | ||
| 008 | 230509b bl.||||| |||| 00| 0 por d | ||
| 040 |
_aBR-BrBNA _bpor _cBiblioteca Nacional de Agricultura |
||
| 041 | _a(Por) | ||
| 072 | _aE13; D50 | ||
| 090 | _ E13 BR0003691 | ||
| 100 | 1 | _aPinheiro, J. | |
| 110 | 1 |
_aSenado Federal, Brasilia, DF (Brasil) _99266 |
|
| 245 | 1 | _aCartilha da securitizacao das dividas rurais; uma conquista dos agricultores; lei no. 9.138, de 29/11/95 | |
| 260 | 3 |
_aBrasilia, DF (Brasil): _c1995. |
|
| 300 | _a28 p. | ||
| 650 | _aFinanciamento | ||
| 650 | _aCredito | ||
| 650 | _aLegislacao | ||
| 650 | _aSeguro Rural | ||
| 909 |
_a202309 _bLucia _c55 _dLucia Elande |
||
| 942 | _cBK | ||
| 999 |
_c62651 _d62651 |
||